Music Quiz

Random Music or Album Quiz

Missing Word A-Z: Elvis Albums Quiz Stats

 Plays Quiz not verified by Sporcle

Curator Pick July 4, 2016. Thanks, bowsntoys.
Score 0/24 Timer 08:00
0 Plays Today
Album Missing Word % Correct
D____ TroubleDouble
96.1%
V____ Las VegasViva
94.8%
Love Me T____Tender
93.5%
Loving Y____You
92.2%
Elvis is B____!Back
90.9%
50,000,000 Elvis F____ Can't Be WrongFans
89.6%
Elvis I____ ConcertIn
88.3%
O____ StageOn
88.3%
K____ CousinsKissin'
85.7%
From Elvis in M____Memphis
84.4%
Something for E____Everybody
83.1%
Blue H____Hawaii
79.2%
Album Missing Word % Correct
Love L____ from ElvisLetters
79.2%
Harum S____Scarum
75.3%
Frankie and J____Johnny
74%
It Happened at the W____ FairWorld's
68.8%
Kid G____Galahad
64.9%
Elvis N____Now
64.9%
Fun in A____Acapulco
62.3%
The Million Dollar Q____Quartet
58.4%
P____, Hawaiian StyleParadise
49.4%
Elvis: U____ ChristmasUltimate
49.4%
R____Roustabout
42.9%
C____Clambake
41.6%

You're not logged in!

Compare scores with friends on all Sporcle quizzes.
Join for Free
OR
Log In

You Might Also Like...

Show Comments

Extras

Top Quizzes Today


Score Distribution

Your Account Isn't Verified!

In order to create a playlist on Sporcle, you need to verify the email address you used during registration. Go to your Sporcle Settings to finish the process.

Report this User

Report this user for behavior that violates our Community Guidelines.

Details: